[Event "BCF-chT4S 1920 (4NCL)"]
[Site "England"]
[Date "2019.11.09"]
[Round "1.134"]
[White "Desai, Nilomi"]
[Black "Leadbetter, Scott"]
[Result "1-0"]
[WhiteElo "1840"]
[BlackElo "1612"]
[PlyCount "79"]
[EventDate "2019.11.09"]
[EventType "team-swiss"]
[EventRounds "11"]
[EventCountry "ENG"]
[SourceTitle "EXT 2022"]
[Source "ChessBase"]
[SourceDate "2021.10.06"]
[SourceVersion "1"]
[SourceVersionDate "2021.10.06"]
[SourceQuality "1"]
[WhiteTeam "Wood Green Youth"]
[BlackTeam "Celtic Tigers III"]
[WhiteTeamCountry "ENG"]
[BlackTeamCountry "ENG"]

1. d4 b6 2. c4 e6 3. Nf3 Bb7 4. Nbd2 d5 5. Qc2 c5 6. cxd5 cxd4 7. dxe6 fxe6 8. Qc4 Bd5 9. Qa4+ Qd7 10. Qxd7+ Nxd7 11. e4 dxe3 12. fxe3 Ngf6 13. Bc4 Bb4 14. Bxd5 Nxd5 15. Ke2 0-0 16. a3 Bc5 17. Ne4 Be7 18. Rd1 Rac8 19. Neg5 Rc2+ 20. Rd2 Rxd2+ 21. Bxd2 e5 22. Rc1 e4 23. Nxe4 Nc5 24. Nxc5 Bxc5 25. b4 Bxe3 26. Bxe3 Re8 27. Kd3 Rxe3+ 28. Kd4 Rxa3 29. Kxd5 Ra2 30. Ng5 g6 31. h4 Rd2+ 32. Ke5 Rd7 33. Kf6 Rd8 34. Ne6 Ra8 35. Rc7 a5 36. Rg7+ Kh8 37. Ng5 Rf8+ 38. Nf7+ Rxf7+ 39. Rxf7 axb4 40. Rf8# 1-0